Groups of People: Adult Cartoons - Statistics

General Stats
  • This quiz has been taken 189 times
  • The average score is 20 of 26
Answer Stats
Hint Answer % Correct
Bart Simpson
99%
Family Guy Peter Griffin
99%
The Simpsons Homer Simpson
98%
Stewie Griffin
98%
Lisa Simpson
94%
Meg Griffin
93%
Lois Griffin
92%
Marge Simpson
92%
Brian Griffin
91%
Chris Griffin
91%
Maggie Simpson
90%
Eric Cartman
85%
Kenny McCormick
85%
Morty Smith
83%
Rick and Morty Rick Sanchez
83%
Kyle Broflovski
76%
South Park Stan Marsh
75%
Bender
65%
Futurama Phillip Fry
62%
King of the Hill Hank Hill
56%
Bobby Hill
52%
Summer Smith
49%
Turanga Leela
46%
Jerry Smith
45%
Peggy Hill
40%
Beth Smith
37%
No matching quizzes found
Score Distribution
Percent of People with Each Score
Percentile by Number Answered
Your Score History
You have not taken this quiz